Change : Reading in society & human behavior
Shranjeno v:
| Format: | Knjiga |
|---|---|
| Jezik: | Undetermined |
| Izdano: |
[America]
Communications Research Machines, Inc
1967
|
| Teme: | |
| Oznake: |
Označite
Brez oznak, prvi označite!
|
| Thư viện lưu trữ: | Trung tâm Học liệu Trường Đại học Cần Thơ |
|---|
| LEADER | 00489nam a2200181Ia 4500 | ||
|---|---|---|---|
| 001 | CTU_90034 | ||
| 008 | 210402s9999 xx 000 0 und d | ||
| 082 | |a 302 | ||
| 082 | |b C456 | ||
| 245 | 0 | |a Change : | |
| 245 | 0 | |b Reading in society & human behavior | |
| 260 | |a [America] | ||
| 260 | |b Communications Research Machines, Inc | ||
| 260 | |c 1967 | ||
| 650 | |a Society | ||
| 650 | |x Human behavior | ||
| 904 | |i Mai Loan,Hải | ||
| 980 | |a Trung tâm Học liệu Trường Đại học Cần Thơ | ||